000 00730nam a2200205 a 4500
001 000294888
003 AM-YeHGA
005 20250618071918.0
008 031217s1978 ai 000 1|arm|d
040 _aAM-YeHGA
041 0 _aarm
100 1 _aՊողոսյան, Արտաշես Ալեքսանդրի,
_d1922-1997
_99416
245 1 0 _aՀրաժեշտ անցյալին :
_b[Պատմվածքներ] /
_cԱ. Ա. Պողոսյան ; Խմբ.՝ Է. Ա. Մակարյան.
260 _aԵրևան :
_bՍովետական գրող,
_c1978.
300 _a296 էջ ;
_c21 սմ.
650 1 4 _aՀայ գրականություն
_xՊատմվածք
700 1 _aՄակարյան, Է.Ա.
_eխմբ.
_4edt
942 _2udc
_cBK
090 _c109486
999 _c108158
_d108158